Présidents de la Ve Répulique - France - Statistiques

Statistiques générales
  • Ce quiz a été pris 106 fois
  • Le résultat moyen est 8 sur 8
Statistiques - réponses
Hint Réponse % Correct
2017-202.. Emmanuel Macron
99%
2012-2017 François Hollande
99%
1959 - 1969 Charles de Gaulle
98%
1969-1974 Georges Pompidou
97%
2007-2012 Nicolas Sarkozy
97%
1974-1981 Valéry Giscard d'Estaing
95%
1995-2002 Jaques Chirac
94%
1981-1995 François Mitterrand
93%
Aucun quiz correspondant
Distribution des résultats
% des personnes avec chaque résultat
Percentile par nombre de réponses
Votre historique - résultats
Vous n’avez pas pris ce quiz